Normal view
MARC view
- Kalakota,Ravi/Andrew B. Whinston
Entry Personal Name
001 - CONTROL NUMBER
- control field: 1282
003 - CONTROL NUMBER IDENTIFIER
- control field: JO-AjAnu
005 - DATE AND TIME OF LATEST TRANSACTION
- control field: 20230606070520.0
008 - FIXED-LENGTH DATA ELEMENTS
- fixed length control field: 230606|| aca||aabn | a|a d
040 ## - CATALOGING SOURCE
- Original cataloging agency: JO-AjAnu
- Transcribing agency: JO-AjAnu
100 ## - HEADING--PERSONAL NAME
- Personal name: Kalakota,Ravi/Andrew B. Whinston
670 ## - SOURCE DATA FOUND
- Source citation: Work cat.: (JO-AjAnu)675: Kalakota,Ravi/Andrew B. Whinston, author, Frontiers of Electronic Commerce